000
00309nam a2200145Ia 4500
100
_a
Majumdar/ Arun K
942
_c
BK
654
_a
Database
245
_a
Database Management Systems
260
_b
Tata Mc Graw hill
_c
1996
082
_a
5.74
_b
MAJ/BHA
300
_a
475
546
_a
ENGLISH
999
_c
35197
_d
35197